Planificación integral del turismo : un enfoque para Latinoamérica /

Evolución económica y social de Latinoamérica. Papel del turismo enel proceso evolutivo de Latinoamérica. Contexto de la planificación. Aspectos técnicos de la planificación. Enfoques de la planificación.la técnica Delfos como instrumento de la planificación prospectiva.

Detalles Bibliográficos
Autor principal: Molina E., Sergio
Otros Autores: Rodríguez Abitia, Sergio
Formato: Libro
Lenguaje:español
Publicado: México Trillas 1991
Colección:Trillas turismo
Materias:
Acceso en línea:

MARC

LEADER 00000cam a2200000 a 4500
001 016976
003 UAHC_CL
005 20170803121432.0
008 151028s1991 mx 000 spa
020 |a 9789682443961 
040 |a UAHC_CL  |c UAHC_CL  |d UAHC_CL 
082 0 4 |a 380.1459104  |b M722  |2 21 
100 1 |a Molina E., Sergio 
245 1 0 |a Planificación integral del turismo :  |b un enfoque para Latinoamérica /  |c Sergio Molina E., Sergio Rodríguez A. 
260 |b Trillas  |a México  |c 1991 
300 |a 104 p. 
490 0 |a Trillas turismo 
520 |a Evolución económica y social de Latinoamérica. Papel del turismo enel proceso evolutivo de Latinoamérica. Contexto de la planificación. Aspectos técnicos de la planificación. Enfoques de la planificación.la técnica Delfos como instrumento de la planificación prospectiva. 
650 4 |a TURISMO  |x ADMINISTRACIîN 
653 |a GEOGRAFIA 
700 1 |a Rodríguez Abitia, Sergio 
900 |a 380.1459104 MOL 
942 |c BK 
952 |0 0  |1 0  |4 0  |6 380_145910400000000_MOL  |7 0  |8 General  |9 33764  |a BC  |b BC  |c General  |d 2017-08-03  |l 0  |o 380.1459104 MOL  |p 1430508  |r 2026-01-13 00:00:00  |t 1  |w 2017-08-03  |y BK 
999 |c 16976  |d 16976